Dhvani : (Record no. 134347)
[ view plain ]
| 000 -LEADER | |
|---|---|
| fixed length control field | 00735nam a22002297a 4500 |
| 005 - DATE AND TIME OF LATEST TRANSACTION | |
| control field | 20170124110224.0 |
| 010 ## - LIBRARY OF CONGRESS CONTROL NUMBER | |
| LC control number | A-945754 |
| 020 ## - INTERNATIONAL STANDARD BOOK NUMBER | |
| Terms of availability | 400.00 |
| International Standard Book Number | 8124601119 |
| 035 ## - SYSTEM CONTROL NUMBER | |
| System control number | A-945754 |
| 037 ## - SOURCE OF ACQUISITION | |
| Source of stock number/acquisition | Cen Lib/Ret |
| 040 ## - CATALOGING SOURCE | |
| Original cataloging agency | DPL |
| Language of cataloging | EN |
| 082 ## - DEWEY DECIMAL CLASSIFICATION NUMBER | |
| Classification number | 534.1 |
| Item number | DHV |
| 245 ## - TITLE STATEMENT | |
| Title | Dhvani : |
| Statement of responsibility, etc | edited by S.C.Malik |
| Remainder of title | nature and culture of sound / |
| 260 ## - PUBLICATION, DISTRIBUTION, ETC. (IMPRINT) | |
| Place of publication, distribution, etc | New Delhi |
| Name of publisher, distributor, etc | D.K.Printworld |
| Date of publication, distribution, etc | 1999 |
| 270 ## - ADDRESS | |
| Address | 'Sri Kunj', F-52, Bali Nagar |
| City | New Delhi |
| Postal code | 110015 |
| 300 ## - PHYSICAL DESCRIPTION | |
| Extent | viii,175p. : |
| Dimensions | 24cm(Hb) |
| Other physical details | ill. |
| 500 ## - GENERAL NOTE | |
| General note | Includes bibliographical references |
| 650 ## - SUBJECT ADDED ENTRY--TOPICAL TERM | |
| Topical term or geographic name as entry element | Sound -- Psychological aspects |
| 9 (RLIN) | 40487 |
| 650 ## - SUBJECT ADDED ENTRY--TOPICAL TERM | |
| Topical term or geographic name as entry element | Sound -- Physiological effect |
| 9 (RLIN) | 40488 |
| 700 ## - ADDED ENTRY--PERSONAL NAME | |
| Personal name | Malik, S.C. |
| 9 (RLIN) | 8110 |
| 942 ## - ADDED ENTRY ELEMENTS (KOHA) | |
| Source of classification or shelving scheme | Dewey Decimal Classification |
| Koha item type | English Books |
| Classification part | 534.1 |
| Call number suffix | DHV |
| Withdrawn status | Lost status | Damaged status | Not for loan | Collection code | Home library | Current library | Date acquired | Source of acquisition | Cost, normal purchase price | Total Checkouts | Full call number | Barcode | Date last seen | Copy number | Cost, replacement price | Price effective from | Koha item type |
|---|---|---|---|---|---|---|---|---|---|---|---|---|---|---|---|---|---|
| Not For Loan | Reference | Central Library | Central Library | 29/07/2015 | Cen Lib/Ret | 400.00 | 534.1 DHV | A-945754 | 29/07/2015 | 1 | 400.00 | 29/07/2015 | English Books |
